Retailing concepts, institutions and management. (Record no. 212438)

MARC details
000 -LEADER
fixed length control field 00420nam a2200157Ia 4500
008 - FIXED-LENGTH DATA ELEMENTS--GENERAL INFORMATION
fixed length control field 210719s1971 xx 000 0 und d
041 ## - LANGUAGE CODE
Language code of text/sound track or separate title eng
082 ## - DEWEY DECIMAL CLASSIFICATION NUMBER
Classification number 658.87 MARR
100 ## - MAIN ENTRY--PERSONAL NAME
Personal name MARKIN (Rom J), Ed.
245 ## - TITLE STATEMENT
Title Retailing concepts, institutions and management.
260 ## - PUBLICATION, DISTRIBUTION, ETC.
Place of publication, distribution, etc. London.
Name of publisher, distributor, etc. The Macmillan Co.
Date of publication, distribution, etc. 1971
300 ## - PHYSICAL DESCRIPTION
Extent xiv,398
Other physical details PB
365 ## - TRADE PRICE
Currency code Rs
650 ## - SUBJECT ADDED ENTRY--TOPICAL TERM
Topical term or geographic name entry element Salesmanship
906 ## - LOCAL DATA ELEMENT F, LDF (RLIN)
a Retailing Marketing
Holdings
Withdrawn status Lost status Damaged status Not for loan Collection code Home library Current library Date acquired Total Checkouts Full call number Barcode Date last seen Price effective from Koha item type
          St Aloysius Library St Aloysius Library 07/30/2001   658.87 MARR D00534 07/19/2021 07/19/2021 Donated Books